000 00591nam a2200205Ia 4500
005 20250701164452.0
008 008 250505s9999 xx 000 0 eng d
037 _aTextual
040 _aEASL
_beng
_cEASL
041 _aeng
_2eng
084 _aX65.42.N9, P0
_qEASL
100 _aBasu Dipak R
245 0 _aJapanese foreign investments 1970-1998: Perspectives and analyses
260 _aUSA
_bArmonk M. E. Sharpe
_c2000
300 _a204p.
365 _b99.95
700 _aMiroshnik Victoria
_9440356
942 _cTEXL
_hX65.42.N9, P0
999 _c1433188
_d1433188